| 000 | 01213nam a2200301 u 4500 | ||
|---|---|---|---|
| 001 | 000019028 | ||
| 003 | DO-SdBNP | ||
| 005 | 20220609125707.0 | ||
| 007 | 000019028 | ||
| 008 | 100524s 1999 dr ac r001 0 spa d | ||
| 020 | _a9701840062 | ||
| 040 |
_aBPMSU _bspa _cBPMSU |
||
| 082 | 4 |
_a928.61 _bH519K 1999 _222 |
|
| 100 | 1 |
_aKrauze, Enríque, _d1947- |
|
| 245 | 1 | 0 |
_aPedro Henríquez Ureña / _cEnríquez Krauze. |
| 260 |
_aSanto Domingo : _bConaculta, _c1999. |
||
| 300 |
_a63 p. : _bil., retrs. ; _c28 cm. |
||
| 500 | _aIncluye cronología de la vida de Pedro Henríquez Ureña (p. 59) | ||
| 504 | _aBibliografía: p. 61 | ||
| 505 | 0 |
_tEl crítico errante -- _tFragmento de patria -- _tUtopía de pertenecer -- _tAmistad intelectual -- _tNicho ecológico -- _tSanto escéptico-- _tCronología -- _tBibliografía -- _tIdetificación de imágenes. |
|
| 590 | _6Inventariado, 2022/VM | ||
| 600 | 1 | 4 |
_aHenríquez Ureña, Pedro _d1884-1946 _xCrítica e interpretación |
| 650 | 4 |
_aAutores dominicanos _xBiografías |
|
| 651 | 4 |
_aRepública Dominicana _xVida intelectual _ySiglo XX |
|
| 651 | 4 |
_aRepública Dominicanan _xBiografías |
|
| 910 | _aVMateo V./Validado. Control de calidad MFF | ||
| 942 |
_2ddc _cBK |
||
| 999 |
_c7877 _d7877 |
||